| 000 | 00789nam a22002297a 4500 | ||
|---|---|---|---|
| 003 | LK-CoDNM | ||
| 005 | 20241018144251.0 | ||
| 008 | 241015b |||||||| |||| 00| 0 eng d | ||
| 040 |
_aLK-CoDNM _dLK-CoDNM _eLK-CoDNM |
||
| 041 |
_aeng _hSinhala |
||
| 080 |
_aප්ර.බ _b2.B |
||
| 100 | _aසෝමසිරි පෙරේරා | ||
| 245 |
_aබගවත් ගීත-1955 _b1 කාණ්ඩය 1 කලාපය |
||
| 260 |
_aපැපිලියාන _c1955 _bනිව් ලීලා මුද්රණාලය |
||
| 300 | _b16p. ; 24 cm | ||
| 650 | _aබගවත් ගීත-1955 | ||
| 650 | _a1 කාණ්ඩය 1 කලාපය | ||
| 650 | _aප්ර.බ 2.B | ||
| 650 | _aසෝමසිරි පෙරේරා | ||
| 650 | _a1955 | ||
| 942 | _cBK | ||
| 999 |
_c220203 _d220203 |
||